000 00684nam a2200229Ia 4500
003 OSt
005 20220923230526.0
006 a|||||r|||| 00| 0
007 ta
008 Pun
024 _a282,759
037 _cTextual
040 _aARTS
_cARTS
_bPun
041 _2Pun
_aPun
082 _aO153,3N47x, M9
100 _aਲਿੱਟ, ਗੁਰਪਾਲ ਸਿੰਘ
245 0 _aਜਦ ਵੀ ਚਾਹੇ੍ਵ ਮਾਂ ਅਤੇ ਅਲਖ਼ ਨੰਗੀ ਜਿੰਦਗੀ
260 _c1989
650 _aਪੰਜਾਬੀ ਸਾਹਿਤ
942 _hO153,3N47x, M9
_cTEXL
_2CC
999 _c385453
_d385453